| 000 | 00730nam a2200253Ia 4500 | ||
|---|---|---|---|
| 003 | OSt | ||
| 005 | 20221007110845.0 | ||
| 006 | a|||||r|||| 00| 0 | ||
| 007 | ta | ||
| 008 | 221006b |||||||| |||| 00| 0 eng d | ||
| 024 | _a22,002 | ||
| 037 | _cTextual | ||
| 040 |
_aLCO _cLCO _beng |
||
| 041 |
_2eng _aeng |
||
| 082 | _aYoaZ, P2 | ||
| 100 |
_aFernandez Bina Ed. _9707917 |
||
| 245 | 0 |
_aHumjnsi _b A Resource Book on Lesbian, Gay and Bisexual Rights in India |
|
| 260 |
_aMumbai _bIndia Centre for Human Rights and Law India _c1999 |
||
| 300 | _a248 | ||
| 650 |
_a BISEXUAL RIGHTS _9707918 |
||
| 650 |
_aLESBIAN _9707919 |
||
| 942 |
_hYoaZ, P2 _cTEXL |
||
| 999 |
_c1191565 _d1191565 |
||